Southville International School and Colleges
Your cart is empty.
  • Cart
  • Lists
    Public lists Eva Luna New books Lux_list list_1
    Your lists Log in to create your own lists
  • Log in to your account
  • Your cookies
  • Search history
Southville International School and Colleges
  • Advanced search
  • Recent comments
  • Most popular
  • Libraries

Log in to your account

Log in with GOOGLE


If you do not have an external account, but do have a local account, you can still log in:

  1. Home
  2. MARC view: The hero /
Normal view MARC view ISBD view

The hero / (Record no. 11451)

[ view plain ]
MARC details
000 -LEADER
fixed length control field 00865pam a2200265 a 4500
001 - CONTROL NUMBER
control field 533749
003 - CONTROL NUMBER IDENTIFIER
control field OSt
005 - DATE AND TIME OF LATEST TRANSACTION
control field 20140310182255.0
008 - FIXED-LENGTH DATA ELEMENTS--GENERAL INFORMATION
fixed length control field 870826s1988 nyu j 000 1 eng
010 ## - LIBRARY OF CONGRESS CONTROL NUMBER
LC control number 87025658
020 ## - INTERNATIONAL STANDARD BOOK NUMBER
International Standard Book Number 038529624X
040 ## - CATALOGING SOURCE
Original cataloging agency DLC
Transcribing agency DLC
Modifying agency DLC
042 ## - AUTHENTICATION CODE
Authentication code lcac
050 00 - LIBRARY OF CONGRESS CALL NUMBER
Classification number PZ 7.W7245
Item number .W766 1988
082 ## - DEWEY DECIMAL CLASSIFICATION NUMBER
Classification number FIC
Item number W72h 1988
100 1# - MAIN ENTRY--PERSONAL NAME
Personal name Windsor, Patricia.
9 (RLIN) 20290
245 14 - TITLE STATEMENT
Title The hero /
Statement of responsibility, etc Patricia Windsor.
260 ## - PUBLICATION, DISTRIBUTION, ETC. (IMPRINT)
Place of publication, distribution, etc New York, N.Y. :
Name of publisher, distributor, etc Delacorte Press,
Date of publication, distribution, etc c1988.
300 ## - PHYSICAL DESCRIPTION
Extent 224 p. ;
Dimensions 22 cm.
520 ## - SUMMARY, ETC.
Summary, etc When Dale's nightmarish dreams start coming true, he learns he possesses a gift which can be denied or developed, but his life will never be the same again.
650 #1 - SUBJECT ADDED ENTRY--TOPICAL TERM
Topical term or geographic name as entry element Extrasensory perception
General subdivision Fiction.
9 (RLIN) 20291
906 ## - LOCAL DATA ELEMENT F, LDF (RLIN)
a 7
b cbc
c orignew
d 1
e ocip
f 19
g y-gencatlg
942 ## - ADDED ENTRY ELEMENTS (KOHA)
Source of classification or shelving scheme Library of Congress Classification
Koha item type
Holdings
Withdrawn status Lost status Source of classification or shelving scheme Damaged status Home library Current library Shelving location Date acquired Total Checkouts Full call number Barcode Date last seen Copy number Price effective from Koha item type
    Library of Congress Classification   Luxembourg Library Luxembourg Library Fiction Section 09/17/2013   PZ 7.W7245 .W766 1988 8580 11/07/2015 1 09/17/2013 Books

The hero /

APA

Windsor P., . (1988). The hero. New York, N.Y: Delacorte Press.

Chicago

Windsor Patricia, . 1988. The hero. New York, N.Y: Delacorte Press.

Harvard

Windsor P., . (1988). The hero. New York, N.Y: Delacorte Press.

MLA

Windsor Patricia, . The hero. New York, N.Y: Delacorte Press. 1988.

  • Place hold
  • Print
  • Cite
  • Add to your cart (remove)
  • Save record
    BIBTEX Dublin Core MARCXML MARC (non-Unicode/MARC-8) MARC (Unicode/UTF-8) MARC (Unicode/UTF-8, Standard) MODS (XML) RIS
  • More searches
    Search for this title in:
    Other Libraries (WorldCat) Other Databases (Google Scholar) Online Stores (Bookfinder.com) Open Library (openlibrary.org)

Exporting to Dublin Core...

SOUTHVILLE LIBRARY

Southville International School and Colleges Library

1281 Tropical Ave. Cor. Luxembourg St., BF Homes International, Las Pinas City

Tel. No. 8256374 / 252358 Loc. 117/146

Powered by Koha